| 000 | 011890000a22002170004500 | ||
|---|---|---|---|
| 020 | _a978-84-9879-423-6 | ||
| 082 | 0 | 4 | _aG 273.9 G6439h |
| 100 | 1 | _aGonzáles Faus, José Ignacio | |
| 245 | 1 | 0 | _aHerejías del catolicismo actual / José Ignacio González Faus |
| 260 | _aMadrid, España : Trotta | ||
| 300 | _a131 p. | ||
| 440 | 0 | _aCol. Estructuras y Procesos : Religión | |
| 501 | _arústico | ||
| 505 | 0 | 0 | _aNegación de la verdadera humanidad de Jesús -- Negación de "la eminente dignidad de los pobres de la iglesia" -- Falsificación de la cruz de Cristo -- Desfiguración de la Cena del Señor -- Convertir el cristianismo en una doctrina teórica -- Negación de la absoluta incompatibilidad entre Dios y el dinero -- Presentar a la iglesia como objeto de fe -- La divinización del Papa -- Clericalismo -- Olvido del Espíritu Santo -- Conclusión: yo pecador me confieso |
| 650 | 1 | 4 | _aIGLESIA CATOLICA \ HEREJIAS CRISTIANAS \ TEOLOGIA DOGMATICA \ MODERNISMO (IGLESIA CATOLICA) \ IGLESIA CATOLICA Y PROBLEMAS SOCIALES |
| 001 | 18532 | ||
| 942 | _cBK | ||
| 999 |
_c44951 _d44951 |
||
| 336 |
_atexto _btxt _2rdacontent |
||
| 337 |
_2rdamedia _asin mediación _bn |
||
| 338 |
_2rdacarrier _avolumen _bnc |
||